| 000 | 00776nam a22002417a 4500 | ||
|---|---|---|---|
| 999 |
_c19473 _d19473 |
||
| 003 | AR-CdUCM | ||
| 008 | 190517b ||||| |||| 00| 0 spa d | ||
| 020 | _a968-29-0877-9 | ||
| 040 |
_aMUNICIPALIDAD PROVINCIAL DEL CUSCO _cBIBLIOTECA MUNICIPAL DEL CUSCO |
||
| 082 |
_a800 / _bR21 |
||
| 100 |
_aRamirez Granados, Antonio _940817 |
||
| 245 | _a¿Te canto un cuento? / | ||
| 260 |
_aMéxico : _bAmaquemecan, _c1985. |
||
| 300 |
_a76 páginas ; _c22 cm. |
||
| 440 |
_aColección para contar, y decir y cantar _940818 |
||
| 505 | _aContenido: Brisa, hija -- Guitarra -- Cuentero ... | ||
| 650 |
_aCuentos _9217 |
||
| 650 |
_aCantos _91085 |
||
| 650 |
_aSiglo XX _98 |
||
| 700 |
_aHelguera, Antonio (Ilustración) _940819 |
||
| 942 |
_2ddc _cLIBROS |
||
| 945 |
_arah _d2019-05-17 |
||